The problem of efficiency.

Bibliographic Details
Main Author: Finlay, James Ralph, 1869-
Format: Book Chapter
Language:English
Series:Colorado School of Mines quarterly ; v.11, no.3.
Subjects:

MARC

Tag First Indicator Second Indicator Subfields
LEADER 00000caa a2200000 4500
001 in00000023997
005 20151007055613.0
008 880827m19079999cou 00000 eng d
035 |a (OCoLC)18419072 
035 |9 AAB8697AM 
040 |a TXA  |c TXA  |d UtOrBLW 
049 |a TXAM  |c [A12594240] 
050 4 |a TN210  |b .C68 v.11, no.3, pt.1 
100 1 |a Finlay, James Ralph,  |d 1869- 
245 1 4 |a The problem of efficiency. 
300 |a pages 1-6. ;  |c 24 cm. 
336 |a text  |b txt  |2 rdacontent 
337 |a unmediated  |b n  |2 rdamedia 
338 |a volume  |b nc  |2 rdacarrier 
500 |a "Commencement address, May 26, 1916." 
650 0 |a Industrial efficiency. 
773 0 |7 nnas  |t Quarterly of the Colorado School of Mines.  |d Golden, Colorado School of Mines press, 1907- .  |g v. 11, no. 3.  |w (OCoLC)1564155 
830 0 |a Colorado School of Mines quarterly ;  |v v.11, no.3. 
999 |a MARS 
999 f f |s 2fa1e03d-2d93-34d2-b7a3-847b0c9f53b9  |i 80a1f228-67b1-3c54-8e4a-e1690ca25c12  |t 0 
952 f f |p normal  |a Texas A&M University  |b College Station  |c Sterling C. Evans Library  |d Evans: Library Stacks  |t 0  |e TN210 .C68 v.11 no.3 pt.1  |h Library of Congress classification  |i unmediated -- volume  |m A14812594240 
998 f f |a TN210 .C68 v.11 no.3 pt.1  |t 0  |l Evans: Library Stacks